Paris Saint Germain Quiz - Statistiques

Statistiques générales
  • Ce quiz a été pris 108 fois
  • Le résultat moyen est 8 sur 16
Statistiques - réponses
Questions Réponses % Correct
Qui est le capitaine actuel de ce club ? Marquinhos
96%
En quelle année a été crée le club ? 1970
87%
Qui est le meilleur buteur de ce club ? Kylian Mbappé (256)
85%
Combien de Ligue des champions a ce club ? 0
81%
Quelles sont les couleurs primaires de ce club ? Bleu et Rouge
76%
Qui est l’entraîneur de ce club ? Luis Enrique
76%
Quel est le nom du stade de ce club ? Parc des Princes
76%
Qui est le meilleur passeur de ce club ? Angel Di Maria (112)
66%
Qui est le joueur le plus cher de ce club ? Ousmande Dembélé / Acraf Hakimi / Warren Zaïre Emery
54%
Qui est la légende de ce club ? Kylian Mbappé
53%
Combien de trophées a ce club ? 51
30%
Quel est le plus gros transfert de ce club ? 222 M (Neymar Jr)
24%
Quelle est la plus grande victoire de ce club ? 10 : 0 (Côte-Chaude Sportif St-Etienne 1993)
13%
Quelle est la plus grande defaite de ce club ? 6 : 0 (Nantes 1971)
8%
Combien vaut ce club ? 926,20 M
0%
Qui est le joueur le plus capé de ce club ? Marquinhos (443)
0%
Aucun quiz correspondant
Distribution des résultats
% des personnes avec chaque résultat
Percentile par nombre de réponses
Votre historique - résultats
Vous n’avez pas pris ce quiz